00536cam a2200169 a 4500008004100000020002200041100001700063245009600080260004300176300003300219651003100252651003500283700002100318003000100339005001700340040000900357  a0797416358 (pbk.)1 aBloch, E. W.10aZimbabwe :bfacing the facts /can economic dialogue between Eric Bloch and John Robertson. aHarare :bThomson Publications,c1996. aiv, 142 p. :bill. ;c21 cm. 0aZimbabwexEconomic policy. 0aZimbabwexEconomic conditions.1 aRobertson, John.20230123133223.0 cNUST